| 000 | 01442cam a2200385 a 4500 | ||
|---|---|---|---|
| 999 |
_c219627 _d219627 |
||
| 001 | 4027393 | ||
| 003 | ASAB | ||
| 005 | 20170215154011.0 | ||
| 008 | 970717s1997 enka b 000 0 eng d | ||
| 010 | _a 97198290 | ||
| 015 | _aGB97-29782 | ||
| 020 | _a0748404309 (pbk.) | ||
| 035 | _a(OCoLC)36798680 | ||
| 040 |
_aDNLM _cASAB _dUk _dNCaS _dDLC |
||
| 041 | 1 |
_aeng _hger |
|
| 042 | _alccopycat | ||
| 050 | 0 | 4 |
_aTP248.24 _b.M4813 1997 |
| 060 | 0 | 0 | _a1997 E-753 |
| 060 | 1 | 0 |
_aTP 248.24 _bM592 1997a |
| 082 | 0 | 0 |
_a660.6 _221 |
| 130 | 0 |
_aMethoden der Biotechnologie. _lEnglish. |
|
| 245 | 1 | 0 |
_aMethods in biotechnology / _cedited by Hans-Peter Schmauder ; editor of the English edition, Michael Schweizer ; translated by Lilian M. Schweizer. |
| 260 |
_aLondon ; _aBristol, PA : _bTaylor & Francis, _cc1997. |
||
| 300 |
_aix, 257 p. : _bill. ; _ccm |
||
| 504 | _aIncludes bibliographical references and index. | ||
| 650 | 0 |
_aBiotechnology _xTechnique. |
|
| 700 | 1 | _aSchmauder, Hans-Peter. | |
| 700 | 1 |
_aSchweizer, Michael, _d1947- |
|
| 856 | 4 | 2 |
_3Publisher description _uhttp://www.loc.gov/catdir/enhancements/fy0731/97198290-d.html |
| 906 |
_a7 _bcbc _ccopycat _d2 _encip _f19 _gy-gencatlg |
||
| 942 |
_2ddc _cBK |
||